| 000 | 00664nam a22001937a 4500 | ||
|---|---|---|---|
| 003 | OSt | ||
| 005 | 20260305083711.0 | ||
| 008 | 260305b |||||||| |||| 00| 0 eng d | ||
| 020 | _a978-971-23-4540-1 | ||
| 040 |
_aDWCL-Main Lib _cOC |
||
| 082 | _aFil. 909 T942 2007 | ||
| 100 | _aSamson, Maria Carmelita B. / Antinio, Eleonor D. | ||
| 245 | _aTurning points III [worktext] : world history | ||
| 260 |
_aManila : _bRex Book Store, _cc2007. |
||
| 300 |
_aix , 560 p. : _bill. ; _c26 cm. |
||
| 504 | _a1. Includes bibliographical references and index. | ||
| 650 | _aWorld history - Study and teaching (Secondary) - Philippines. | ||
| 942 |
_2ddc _cBK - FIL _mFil. _n0 |
||
| 999 |
_c8639 _d8639 |
||